01012nam a2200253 i 4500003000900000005001700009008004100026020001500067040004300082041000800125082002200133100004300155245009400198264002700292300002400319336002400343337002800367338004300395500010200438504007900540546002400619650005800643856005700701EG-GICUC20260121101417.0251202s1980 fr ||||fr|||| 00| 0 fre d a2248006055 aEG-GiCUCbfrecEG-GiCUCdEG-GiCUCeRda afre04221a341.1bRO. D 1 aRousseau, Charles,d1902-1993,eAuteur10aDroit international public.nTOME IV,pLes relations internationales /cCharles Rousseau. 1aParis :bSirey,c1980. a671 page ; c24 cm. 2rda contenua texte 2rda mediasaOrdinateur 2 transporteur rdaa Ressource en ligne aLes éditions publiées en 1958 et 1961 ont pour titre : Droit international public approfondi. aComprend des références bibliographiques. Comprend une bibliographie. aTexte en français14arelations internationalesxDroit international public40uhttps://fll.law.cu.edu.eg/fulltext/bks/B11-05683.pdf